000 00974nam a2200277 a 4500
001 000001974
005 20250707101256.0
008 090630s2008 dr a 000 0 spa d
020 _a1978932271980
040 _aDO-SdBNP
_bspa
_cBNPHU
082 _a306.097293
_bM375r
100 1 _aMarte, Lidia
_96406
245 1 3 _aEl reino de la imagen :
_bmemoria, comida y representación /
_cLidia Marte.
260 _aSan Juan, Puerto Rico :
_bIsla Negra,
_c2008.
300 _a138 p. :
_bil. ;
_c22 cm.
490 1 _aVisiones y cegueras
500 _aIncluye índice
504 _abibliográfia : p.137-138
590 _aInventariado, 2018/MFF
650 4 _aEtnología
_zRepública Dominicana
_96407
650 0 _aCaracterísticas nacionales
_96408
651 4 _aRepública Dominicana
_xCaracterísticas Nacionales
_91720
651 4 _aRepública Dominicana
_xVida Social Y Costumbres
_9405
830 0 _aViciones y cegueras
_96409
910 _aValidado. Control de calidad. MFF
999 _c1840
_d1840